00769nam a22001937a 4500008004000000020001500040050002400055100001700079245018800096260003300284300001900317440003900336500004200375504004000417650003000457700003300487700002900520700002600549130522t mx||||| |||| 00| 0 spa d a968853615604aBF575.D34bM45 20051 aMellody, Pia13aLa codependencia :bQuè es, de dònde procede, còmo sabotea nuestras vidas : Aprende a hacerle frentecPia Mellody, Andrea Wells Miller y J. Keith Miller ; tr. Jorge Piatigorsky. aMéxico :bPaidòs, c2005 a287 p.c21 cm. 0aPaidòs saberes cotidianosnNo.48 aTraducciòn de : Facing codependence aIncluye bibliografìa bp. 279-280 4aDependenciaxPsicologìa1 aMiller, Andrea Wells, coaut.1 aMiller, J. Keith, coaut.1 aPiatigorsky Jorge tr.